|
|
|
|
| LEADER |
01293nam a2200289 a 4500 |
| 001 |
3087320 |
| 008 |
090823s1999 nyua 001 0 eng d |
| 010 |
|
|
|a 98013917
|
| 020 |
|
|
|a 0471153060 (cloth : alk. paper)
|
| 040 |
|
|
|a DLC
|c DLC
|d DLC
|
| 082 |
0 |
0 |
|a 515
|2 21
|
| 100 |
1 |
|
|a Anton, Howard.
|
| 245 |
1 |
0 |
|a Calculus :
|b a new horizon /
|c Howard Anton.
|
| 250 |
|
|
|a 6th ed.
|
| 260 |
|
|
|a New York :
|b Wiley,
|c 1999.
|
| 300 |
|
|
|a xxxii, 1130, 129, 13 p. :
|b ill. (some col.) ; 22 cm.
|
| 504 |
|
|
|a Includes index.
|
| 541 |
1 |
|
|e 00011750
|
| 650 |
|
0 |
|a Calculus.
|
| 650 |
|
0 |
|a Geometry, Analytic.
|
| 700 |
1 |
|
|a Anton, Howard.
|t Calculus with analytic geometry.
|
| 852 |
4 |
|
|a Ayesha Abed Library
|j General shelf
|
| 942 |
0 |
0 |
|0 4
|
| 999 |
|
|
|c 3336
|d 3336
|
| 952 |
|
|
|0 0
|1 0
|2 ddc
|4 1
|6 515_000000000000000_ANT
|7 0
|9 3026
|a BRACUL
|b BRACUL
|c SPS
|d 2009-08-31
|g 0.00
|l 38
|m 256
|o 515 ANT
|p 3010011750
|r 2019-03-25
|s 2019-01-20
|t 1
|w 2009-08-31
|y BK
|x No price found in the accession register.
|
| 952 |
|
|
|0 0
|1 0
|2 ddc
|4 0
|6 515_ANT_199900000000000
|7 0
|9 8767
|a BRACUL
|b BRACUL
|c GEN
|d 2010-03-24
|l 33
|m 178
|o 515 ANT
|p 3010006649
|r 2025-10-12
|s 2022-03-29
|t 3
|w 2010-03-24
|y BK
|
| 952 |
|
|
|0 0
|1 0
|2 ddc
|4 0
|6 515_ANT_199900000000000
|7 0
|9 12705
|a BRACUL
|b BRACUL
|c GEN
|d 2010-10-24
|l 45
|m 217
|o 515 ANT
|p 3010006650
|r 2025-08-03
|s 2025-06-28
|t 2
|w 2010-10-24
|y BK
|